header

An introduction to cognitive education (Record no. 12737)

MARC details
000 -LEADER
fixed length control field 01411nam a2200349 a 4500
082 04 - DEWEY DECIMAL CLASSIFICATION NUMBER
Classification number 370.15
100 1# - MAIN ENTRY--AUTHOR NAME
Personal name Ashman, A. F.
245 13 - TITLE STATEMENT
Title An introduction to cognitive education
260 ## - PUBLICATION, DISTRIBUTION, ETC. (IMPRINT)
Place of publication London ;
-- New York :
Name of publisher Routledge,
Year of publication 1997.
300 ## - PHYSICAL DESCRIPTION
Number of Pages xiv, 268 p. :
Other physical details ill.
650 #0 - SUBJECT ADDED ENTRY--TOPICAL TERM
Topical Term Thought and thinking
Topical Term Cognition.
Topical Term Educational psychology.
Topical Term Learning, Psychology of.
700 1# - ADDED ENTRY--PERSONAL NAME
Personal name Conway, Robert N. F.,
856 40 - ELECTRONIC LOCATION AND ACCESS
Uniform Resource Identifier http://site.ebrary.com/lib/rucke/Doc?id=10017760

No items available.

© 2026 Rongo University
Contact us: librarian | system librarian | Rongo university